000 01439nab a22002897a 4500
999 _c5626
_d5626
003 OSt
005 20251222234846.0
008 190429b xxu||||| |||| 00| 0 spa d
040 _cPJ
100 _94594
_aAriza Clerici, Rodolfo
245 1 0 _aInfluencers y las apuestas ilegales en línea /
_cRodolfo Ariza Clerici, Maximiliano Ruiz.
260 _cCiudad Autónoma de Buenos Aires :
_aThomson Reuters La Ley,
_b2025.
300 _ap. 145-158
500 _aCita: TR LALEY AR/DOC/2841/2025.
505 _aSumario: I. Introducción.— II. Influencer. Definiciones. Caracteres. Clasificaciones.— III. Influencers en el derecho penal.— IV. Influencers en los juegos de azar en línea ilegal.— V. Primeras notas sobre la responsabilidad del influencer. — VI. Notas finales: entre riesgos emergentes y retos de regulación jurídica.
505 _tSi te interesa el texto completo, solicitalo a koha@justierradelfuego.gov.ar
650 0 _9343
_aDERECHO PENAL
650 0 _9278
_aDELITOS INFORMATICOS
650 0 _94498
_aJUEGOS DE AZAR
650 0 _9281
_aINTERNET
650 0 _92608
_aDERECHOS DEL CONSUMIDOR
650 0 _92758
_aASOCIACIÓN ILÍCITA
650 0 _9652
_aPUBLICIDAD COMERCIAL
650 0 _93064
_aLAVADO DE ACTIVOS
773 0 _02658
_93164
_tRevista de derecho penal y criminología. Nº 11 - Diciembre 2025
_dCiudad Autónoma de Buenos Aires : Thomson Reuters La Ley, 2017-
_x00347914
942 _2udc
_cANA